[Event "Jakarta Indonesia op 3rd"]
[Site "Jakarta"]
[Date "2013.10.10"]
[Round "1"]
[White "Bitoon, Richard"]
[Black "Bachtiar, Ahmad Ina"]
[Result "1-0"]
[WhiteElo "2407"]
[BlackElo "2219"]
[PlyCount "95"]
[EventDate "2013.10.10"]
[EventType "swiss"]
[EventRounds "11"]
[EventCountry "INA"]
[SourceTitle "CBM 156 Extra"]
[Source "ChessBase"]
[SourceDate "2013.10.22"]
[SourceVersion "1"]
[SourceVersionDate "2013.10.22"]
[SourceQuality "1"]

1. g3 d5 2. Bg2 Nf6 3. c4 Nc6 4. cxd5 Nxd5 5. Nf3 g6 6. Nc3 Nb6 7. 0-0 Bg7 8. d3 0-0 9. Bg5 h6 10. Bd2 a5 11. Na4 Nd5 12. a3 g5 13. Rc1 Ra6 14. h4 g4 15. Ne1 Nf6 16. Nc2 b5 17. Nc5 Rb6 18. a4 b4 19. Ne3 Nd4 20. Nc4 Ne6 21. Nxa5 Nxc5 22. Rxc5 Nd7 23. Nc6 Qe8 24. Rc4 Nb8 25. Nxb8 Rxb8 26. b3 Be6 27. Rxc7 Qd8 28. Rc5 Qd6 29. Rc6 Qd4 30. Qb1 Rfc8 31. Rfc1 Rxc6 32. Rxc6 Qb2 33. Qxb2 Bxb2 34. a5 Bxb3 35. a6 Bd4 36. Be3 Bxe3 37. fxe3 e6 38. a7 Ra8 39. Rc4 Rxa7 40. Rxg4+ Kf8 41. Rxb4 Bd1 42. Bf3 Ra2 43. Kf2 Bc2 44. Rb8+ Kg7 45. Ra8 Rb2 46. Ke1 Rb5 47. Ra7 Bb3 48. Rb7 1-0

[Event "Singapore Masters 3rd"]
[Site "Singapore"]
[Date "2006.12.28"]
[Round "6"]
[White "Bachtiar, Ahmad Ina"]
[Black "Li, Ruofan"]
[Result "0-1"]
[WhiteElo "2244"]
[BlackElo "2391"]
[PlyCount "106"]
[EventDate "2006.12.26"]
[EventType "swiss"]
[EventRounds "9"]
[EventCountry "SIN"]
[SourceTitle "CBM 116 Extra"]
[Source "ChessBase"]
[SourceDate "2007.03.07"]
[SourceVersion "1"]
[SourceVersionDate "2007.03.07"]
[SourceQuality "1"]

1. d4 Nf6 2. c4 e6 3. Nc3 Bb4 4. Qc2 c5 5. dxc5 0-0 6. Nf3 Na6 7. g3 Nxc5 8. Bg2 Nce4 9. Bd2 Nxd2 10. Nxd2 Qc7 11. 0-0 a6 12. a3 Be7 13. Rac1 d6 14. b4 Bd7 15. Qb3 Rac8 16. Rfd1 b6 17. h3 Rfd8 18. e4 Qb8 19. Ne2 Bc6 20. Nd4 Bb7 21. Kh2 Bf8 22. Qe3 g6 23. N4b3 Ba8 24. Rf1 Bg7 25. f4 Re8 26. Rcd1 Rcd8 27. Qf2 Nd7 28. Rde1 b5 29. Na5 Nb6 30. Rc1 Rc8 31. c5 dxc5 32. bxc5 Na4 33. e5 Qc7 34. Nab3 Bd5 35. Qe3 Bf8 36. Rc2 Qa7 37. Rfc1 Rc7 38. Bxd5 exd5 39. Qd4 Rec8 40. Qxd5 Nxc5 41. Na1 Rd7 42. Qa2 Rcd8 43. Nab3 Nxb3 44. Nxb3 Rd1 45. Rxd1 Rxd1 46. Rg2 Qe3 47. Nd2 Qe1 48. g4 Qe3 49. Qb3 Qxf4+ 50. Qg3 Bh6 51. e6 Rxd2 52. Rxd2 Qxd2+ 53. Kh1 Qd5+ 0-1

[Event "Singapore Masters 3rd"]
[Site "Singapore"]
[Date "2006.12.28"]
[Round "5"]
[White "Gokhale, Chandrashekhar"]
[Black "Bachtiar, Ahmad Ina"]
[Result "1/2-1/2"]
[WhiteElo "2375"]
[BlackElo "2244"]
[PlyCount "121"]
[EventDate "2006.12.26"]
[EventType "swiss"]
[EventRounds "9"]
[EventCountry "SIN"]
[SourceTitle "CBM 116 Extra"]
[Source "ChessBase"]
[SourceDate "2007.03.07"]
[SourceVersion "1"]
[SourceVersionDate "2007.03.07"]
[SourceQuality "1"]

1. d4 d5 2. c4 c6 3. Nf3 Nf6 4. Qc2 g6 5. g3 Bg7 6. Bg2 0-0 7. 0-0 Nbd7 8. cxd5 cxd5 9. Nc3 b6 10. Bf4 Bb7 11. Qb3 a6 12. Ne5 e6 13. Nxd7 Nxd7 14. Rfd1 Rc8 15. e4 dxe4 16. Nxe4 Bd5 17. Qa3 Rc2 18. Nc3 Bxg2 19. Kxg2 e5 20. dxe5 Qa8+ 21. Kg1 Qf3 22. Be3 Nxe5 23. Qb3 Qf5 24. Rd5 h5 25. h3 b5 26. a3 Re8 27. Rad1 Rxc3 28. Qxc3 Nf3+ 29. Kg2 Qe4 30. Qc5 Bd4 31. R5xd4 Nxd4+ 32. Kh2 Nf3+ 33. Kg2 Nh4+ 34. Kf1 Qh1+ 35. Ke2 Qf3+ 36. Kd2 Rd8+ 37. Bd4 Nf5 38. Kc1 Qe2 39. Qb6 Rxd4 40. Rxd4 Nxd4 41. Qd8+ Kh7 42. Qxd4 Qf1+ 43. Kc2 Qxh3 44. Kb3 a5 45. Kc2 Qf5+ 46. Kd2 Qe6 47. Kd1 Qc4 48. Qf6 b4 49. axb4 axb4 50. Kd2 b3 51. Qe5 Qc2+ 52. Ke3 Qc1+ 53. Kf3 Qc6+ 54. Kf4 Qe6 55. Qc3 f5 56. Kg5 Qe7+ 57. Kf4 Qe4+ 58. Kg5 Qe7+ 59. Kf4 Qe6 60. Kg5 Qe7+ 61. Kf4 1/2-1/2

[Event "Singapore Masters 3rd"]
[Site "Singapore"]
[Date "2006.12.27"]
[Round "4"]
[White "Bachtiar, Ahmad Ina"]
[Black "Chua, Zheng Yuan Terry"]
[Result "1-0"]
[WhiteElo "2244"]
[BlackElo "1998"]
[PlyCount "45"]
[EventDate "2006.12.26"]
[EventType "swiss"]
[EventRounds "9"]
[EventCountry "SIN"]
[SourceTitle "CBM 116 Extra"]
[Source "ChessBase"]
[SourceDate "2007.03.07"]
[SourceVersion "1"]
[SourceVersionDate "2007.03.07"]
[SourceQuality "1"]

1. d4 Nf6 2. c4 c5 3. d5 e6 4. Nc3 exd5 5. cxd5 d6 6. e4 g6 7. Nf3 Bg7 8. Bb5+ Nbd7 9. Bf4 Qc7 10. e5 Nh5 11. exd6 Qd8 12. Qe2+ Kf8 13. Bg5 f6 14. Bd2 a6 15. g4 axb5 16. gxh5 g5 17. Nxb5 Nb6 18. Nc7 Ra4 19. b3 Ra7 20. Be3 Bg4 21. Bxc5 Nd7 22. Bxa7 Ne5 23. Nxe5 1-0